000 00606nam a2200229Ia 4500
003 OSt
005 20221006164859.0
006 a|||||r|||| 00| 0
007 ta
008 221006b |||||||| |||| 00| 0 eng d
024 _a1,479
037 _cTextual
040 _aFML
_cFML
_beng
041 _2eng
_aeng
082 _aV2:17' C, K3
100 _aMajumdar R C Au.
_9626713
245 0 _aHindu Colonies In the Far East
260 _aKolkata
_bFirma K L M
_c1963
300 _a280 Pg, 24 Pl
_ccm.
942 _hV2:17' C, K3
_cTEXL
_2CC
999 _c1118798
_d1118798